|
|
|
|
| LEADER |
00000nta a2200000 i 4500 |
| 001 |
dolg33985 |
| 005 |
20210624063750.0 |
| 008 |
210624suuuu hu om 000 hun d |
| 040 |
|
|
|a BGE Dolgozattár Repozitórium
|b hun
|
| 041 |
|
|
|a hu
|
| 100 |
1 |
|
|a Kéhl Balázs
|
| 245 |
1 |
0 |
|a Jóléti rendszerek az Európai Unió egyes tagországaiban és a magyar államháztartás jóléti kiadásai
|c Kéhl Balázs
|h [elektronikus dokumentum]
|
| 695 |
|
|
|a Államháztartás
|
| 695 |
|
|
|a Gazdaságpolitika
|
| 700 |
1 |
|
|a Nincs adat Nincs adat
|e ths
|
| 856 |
4 |
0 |
|u http://dolgozattar.uni-bge.hu/33985/1/D_16109_JDSN89%20-%20K%C3%A9hl%20Bal%C3%A1zs.pdf
|z Dokumentum-elérés
|